00428 2200169 4500001002100000005001500021008004100036020001800077035001900095041000700114082000800121090001400129100001100143245004200154260003800196300002400234INLIS00000000000049220241224112200241224||||||||| | ||| |||| || |  a979-99473-4-0 0010-1224000492 aid0 a320 a320 SAR p0 aRusdin00apilkada langsung problema dan prospek aJakartabKata Hasta Pustakac2005 axii, 139 hlm; 17 cm